| 000 | 00610nab a2200193 a 4500 | ||
|---|---|---|---|
| 005 | 20210219161913.0 | ||
| 008 | 991125s1985 mx 000 0 spa u | ||
| 035 | _aUPN01000194218 | ||
| 100 | 1 | _aBarbosa Da Silva, José | |
| 222 | _aTRANSATLÁNTICA DE EDUCACION | ||
| 245 | _aDiversidade de atores e pluralidade de caminhos na educacao de jovens e adultos no Brasil : desafios e perspectivas | ||
| 260 | _aMéxico | ||
| 300 | _a31-34 | ||
| 362 | 0 | _a2007, Vol. 2, no. 2 | |
| 653 | 0 | _aEDUCACION DE ADULTOS | |
| 653 | 0 | _aPOLITICA EDUCATIVA | |
| 653 | 0 | _aPERSPECTIVA DE LA EDUCACION | |
| 905 | _aArticulo | ||
| 999 |
_c166319 _d166319 |
||